000 00674nam a2200241Ia 4500
003 OSt
005 20220924113201.0
006 a|||||r|||| 00| 0
007 ta
008 220923b |||||||| |||| 00| 0 eng d
024 _a231769
037 _cDictionary
040 _aARTS
_cARTS
_beng
041 _2eng
_aeng
082 _aO28:4K, 111N60(FAL/RR)
100 _aWehr Hans
_9169663
245 0 _aDictionary of modern written Arabic
260 _aBeirut
_bLibrairie du liban
_c1974
300 _axvii, 1110p.
_ccm.
650 _aENGLISH LITERATURE
942 _hO28:4K, 111N60(FAL/RR)
_cdic
_2cc
999 _c389479
_d389479